| 000 | 00577cam a2200145 4500500 | ||
|---|---|---|---|
| 005 | 20260201082844.0 | ||
| 041 | _afre | ||
| 042 | _adc | ||
| 100 | 1 | 0 |
_aMoreau de Bellaing, Louis _eauthor |
| 245 | 0 | 0 | _aJean-Louis Benoît et Éric Keslassy, Alexis de Tocqueville. Textes économiques. Anthropologie critique, Paris, Agora, 2005. |
| 260 | _c2005. | ||
| 500 | _a6 | ||
| 786 | 0 | _nL'Homme & la Société | 156-157 | 2 | 2005-06-01 | p. 199j-216j | 0018-4306 | |
| 856 | 4 | 1 | _uhttps://shs.cairn.info/revue-l-homme-et-la-societe-2005-2-page-199j?lang=fr&redirect-ssocas=7080 |
| 999 |
_c1640316 _d1640316 |
||